00481nam a2200145Ia 4500008004100000041000800041082001400049100001500063245004500078260003600123300003300159365000700192999001700199952011900216240624s9999 xx 000 0 und d aeng a658.5 SHA aSHARMA S K aCOURSE IN INDUSTRIAL ENGINEERING AND OPE c2006aDelhibS K Kataria & Sons axxvii, : 857 : p. : cm. ; 24 cRS c13008d13008 00104070aIMTNbIMTNcRack 34-Ad2009-05-06g260.00l0o658.5 SHAp13008r2024-06-24 00:00:00t1w2024-06-24yBK